How Do You Know! / (Record no. 143545)

MARC details
000 -LEADER
fixed length control field 00543nam a22001817a 4500
010 ## - LCCN (DPL NO)
LC control number ENG-119720
020 ## - INTERNATIONAL STANDARD BOOK NUMBER
International Standard Book Number 8187416602
Terms of availability 100.00
035 ## - SYSTEM CONTROL NUMBER
System control number EN-103252
037 ## - SOURCE OF ACQUISITION
Source of stock number/acquisition DBAD/PUB
082 ## - DEWEY DECIMAL CLASSIFICATION NUMBER
Classification number 000
245 ## - TITLE STATEMENT
Title How Do You Know! /
Statement of responsibility, etc Compiled by P. Madhusudan Babu
Remainder of title
260 ## - PUBLICATION, DISTRIBUTION, ETC. (IMPRINT)
Place of publication, distribution, etc Secunderabad
Name of publisher, distributor, etc Sugandhikuntala Trust
Date of publication, distribution, etc 2012
270 ## - ADDRESS
Address # 12-11-1406, Boudha Nagar, Warisguda,
City Secunderabad
Postal code 500061
300 ## - PHYSICAL DESCRIPTION
Extent 96p.
Dimensions 21cm(pbk)
500 ## - GENERAL NOTE
General note
700 ## - ADDED ENTRY--PERSONAL NAME
Personal name P. Madhusudan Babu
9 (RLIN) 57289
942 ## - ADDED ENTRY ELEMENTS (KOHA)
Source of classification or shelving scheme Dewey Decimal Classification
Item type English Books
Classification part 000
Call number suffix HOW
Holdings
Withdrawn status Lost status Not for loan Collection code Home library Current library Date acquired Source of acquisition Cost, normal purchase price Full call number Barcode Copy number Cost, replacement price Koha item type
      Non-fiction D.B.Act.Division Mobile Library 18/08/2017 DBAD/PUB 100.00 000 HOW EN-103252 1 100.00 English Books

© Delhi Public Library
Hit Counter
free hit counter